Click Countries by Population #4 - Statistics

General Stats
  • This quiz has been taken 167 times
  • The average score is 10 of 16
Answer Stats
Hint Answer % Correct
243 mil Pakistan
92%
118 mil Philippines
82%
71.9 mil Thailand
78%
45.9 mil Argentina
74%
34 k San Marino
71%
790 k Bhutan
60%
116 k Micronesia
58%
19.7 mil Romania
57%
5.55 mil Finland
56%
55.7 mil Kenya
56%
11.4 mil Dominican Republic
52%
29.3 mil Ivory Coast
50%
1.82 mil Latvia
50%
282 k Barbados
48%
3.42 mil Uruguay
46%
35.4 mil Uzbekistan
34%
No matching quizzes found
Score Distribution
Percent of People with Each Score
Percentile by Number Answered
Your Score History
You have not taken this quiz